Regional trade agreements versus broad liberalization which path leads to faster growth? Time series evidence
Gespeichert in:
| 1. Verfasser: | |
|---|---|
| Format: | Buch |
| Sprache: | Englisch |
| Veröffentlicht: |
Washington
IMF
1998
|
| Schriftenreihe: | IMF Working Paper
40 |
| Schlagworte: | |
| Tags: |
Keine Tags, Fügen Sie das erste Tag hinzu!
|
MARC
| LEADER | 00000nam a2200000 4500 | ||
|---|---|---|---|
| 001 | c106274 | ||
| 005 | 20221221083441.4 | ||
| 041 | 0 | |a eng | |
| 044 | |a US | ||
| 245 | 1 | 0 | |a Regional trade agreements versus broad liberalization |b which path leads to faster growth? Time series evidence |c Prepared by Athanasios Vamvakidis |
| 264 | 1 | |a Washington |b IMF |c 1998 | |
| 300 | |a 34 s. | ||
| 490 | 1 | |a IMF Working Paper |v 40 | |
| 830 | 0 | |a IMF Working Paper |v 40 | |
| 610 | 2 | 0 | |a rast hospodársky |
| 610 | 2 | 0 | |a liberalizácia |
| 610 | 2 | 0 | |a zmluvy obchodné |
| 610 | 2 | 0 | |a politika regionálna |
| 610 | 2 | 0 | |a dohody obchodné |
| 610 | 2 | 0 | |a analýza radov časových |
| 100 | 1 | |a Vamvakidis, Athanasios | |